Build a professional bridge (Record no. 71969)

MARC details
000 -LEADER
fixed length control field 01413cam a2200217 4500
001 - CONTROL NUMBER
control field X121114
008 - FIXED-LENGTH DATA ELEMENTS--GENERAL INFORMATION
fixed length control field 030124n2003 000 0 eng u
035 ## - SYSTEM CONTROL NUMBER
System control number (Sirsi) u121114
100 ## - MAIN ENTRY--PERSONAL NAME
Personal name Townsend, A.
245 ## - TITLE STATEMENT
Title Build a professional bridge
260 ## - PUBLICATION, DISTRIBUTION, ETC.
Date of publication, distribution, etc. 2003
490 ## - SERIES STATEMENT
Series statement Planning (for the Natural and Built Environment)
Volume/sequential designation (1506) 17 January 2003, 17(1)
520 ## - SUMMARY, ETC.
Summary, etc. Examines the opportunities for planners in the regeneration sector and looks at the skills required in both professions. Suggests that planners have a range of transferable skills that qualify them to work in regeneration, and looks at how the RTPI is promoting closer links between planning and regeneration. Highlights the key skills and knowledge required to work on regeneration projects such as the ability to work in a partnership environment and in the political arena, an understanding of the regeneration process, and the experience of working with community groups and organising physical change in space. Concludes that the regeneration market holds many opportunities for planners, without the need for a new career path, and that the transfer of skills between both professions should be encouraged.
650 ## - SUBJECT ADDED ENTRY--TOPICAL TERM
Topical term or geographic name entry element PLANNING PROFESSION
650 ## - SUBJECT ADDED ENTRY--TOPICAL TERM
Topical term or geographic name entry element REGENERATION
650 ## - SUBJECT ADDED ENTRY--TOPICAL TERM
Topical term or geographic name entry element RTPI
650 ## - SUBJECT ADDED ENTRY--TOPICAL TERM
Topical term or geographic name entry element PLANNERS
650 ## - SUBJECT ADDED ENTRY--TOPICAL TERM
Topical term or geographic name entry element PROFESSIONAL SKILLS
690 ## - LOCAL SUBJECT ADDED ENTRY--TOPICAL TERM (OCLC, RLIN)
Topical term or geographic name as entry element MANAGEMENT-BUSINESS MANAGEMENT-PROFESSIONAL PRACTICE
942 ## - ADDED ENTRY ELEMENTS (KOHA)
Suppress in OPAC 0
Holdings
Withdrawn status Lost status Source of classification or shelving scheme Damaged status Not for loan Home library Current library Shelving location Date acquired Total Checkouts Full call number Barcode Date last seen Copy number Price effective from Koha item type
    Dewey Decimal Classification     London London Journal article 24/01/2003   X121114 121114-1001 06/08/2019 1 06/08/2019 Journal article